Evaluación de diseños de conexiones viga-columna para su uso como conexiones precalificadas en estructuras con sistemas sismorresistentes a base de marcos intermedios de acero estructural
Gorde:
| Egile nagusia: | |
|---|---|
| Formatua: | Liburua |
| Hizkuntza: | Spanish |
| Argitaratua: |
[San José], Costa Rica
2016
|
| Gaiak: | |
| Etiketak: |
Etiketa erantsi
Etiketarik gabe, Izan zaitez lehena erregistro honi etiketa jartzen!
|
MARC
| LEADER | 00000nam a22000007a 4500 | ||
|---|---|---|---|
| 003 | 012539 | ||
| 005 | 20221231144143.0 | ||
| 008 | 170202b2016 cr a|||| m||| 00| ||spa d | ||
| 040 | |c cru CEDI | ||
| 090 | |a TFG 7690 | ||
| 100 | |9 6719 |a Villalobos López, Fernando | ||
| 245 | |a Evaluación de diseños de conexiones viga-columna para su uso como conexiones precalificadas en estructuras con sistemas sismorresistentes a base de marcos intermedios de acero estructural | ||
| 260 | |a [San José], Costa Rica |c 2016 | ||
| 300 | |a xvi, 118,[47] hojas; ilustraciones a color | ||
| 500 | |a Proyecto de graduación (licenciatura en ingeniería civil)--Universidad de Costa Rica. Facultad de Ingeniería. Escuela de Ingeniería Civil | ||
| 650 | |x CONSTRUCCIONES ANTISISMICAS |x VIGAS |x ESTRUCTURAS SOLDADAS DE ACERO |x ESTRUCTURAS SOLDADAS DE ACERO - EVALUACION |x RESISTENCIA DE MATERIALES |9 6720 | ||
| 942 | |c TFG | ||
| 999 | |c 17655 |d 17655 | ||
